Sustaining the future (Record no. 71312)

MARC details
000 -LEADER
fixed length control field 01393cam a2200265 4500
001 - CONTROL NUMBER
control field ABS65947
008 - FIXED-LENGTH DATA ELEMENTS--GENERAL INFORMATION
fixed length control field 021007n2002 000 0 eng u
035 ## - SYSTEM CONTROL NUMBER
System control number (Sirsi) u120011
100 ## - MAIN ENTRY--PERSONAL NAME
Personal name Randall, B
245 ## - TITLE STATEMENT
Title Sustaining the future
260 ## - PUBLICATION, DISTRIBUTION, ETC.
Date of publication, distribution, etc. 2002
490 ## - SERIES STATEMENT
Series statement Housing
Volume/sequential designation September 2002, 23-25(3)
520 ## - SUMMARY, ETC.
Summary, etc. Previews the main recommendations of "Foundations for the future", a comprehensive guide to sustainable development aimed at the housing association sector. Emphasises that working with others to build sustainable communities is core housing association business. The guide has two parts: how boards can adopt a strategic approach to sustainable development; practical advice for staff including sustainability checklists and 26 case studies. Two case studies accompany the article. The guide is freely available - t +44 (0)20 8973 0429; e [email protected] ; downloadable from www.sustainablehomes.co.uk/.
590 ## - LOCAL NOTE (RLIN)
Local note ABS
650 ## - SUBJECT ADDED ENTRY--TOPICAL TERM
Topical term or geographic name entry element SUSTAINABLE DEVELOPMENT
650 ## - SUBJECT ADDED ENTRY--TOPICAL TERM
Topical term or geographic name entry element HOUSING CORPORATION
650 ## - SUBJECT ADDED ENTRY--TOPICAL TERM
Topical term or geographic name entry element HOUSING ASSOCIATIONS
650 ## - SUBJECT ADDED ENTRY--TOPICAL TERM
Topical term or geographic name entry element SUSTAINABLE COMMUNITIES
650 ## - SUBJECT ADDED ENTRY--TOPICAL TERM
Topical term or geographic name entry element SOCIAL HOUSING
650 ## - SUBJECT ADDED ENTRY--TOPICAL TERM
Topical term or geographic name entry element SUSTAINABLE BUILDINGS
650 ## - SUBJECT ADDED ENTRY--TOPICAL TERM
Topical term or geographic name entry element SOCIAL HOUSING
690 ## - LOCAL SUBJECT ADDED ENTRY--TOPICAL TERM (OCLC, RLIN)
Topical term or geographic name as entry element HOUSING-DEVELOPMENT
856 ## - ELECTRONIC LOCATION AND ACCESS
Uniform Resource Identifier <a href="https://www.sustainablehomes.co.uk/indexproj.htm">https://www.sustainablehomes.co.uk/indexproj.htm</a>
Hours access method available View "Foundations for the future" on the Sustainable Homes website...
942 ## - ADDED ENTRY ELEMENTS (KOHA)
Suppress in OPAC 0
Holdings
Withdrawn status Lost status Source of classification or shelving scheme Damaged status Not for loan Home library Current library Shelving location Date acquired Total Checkouts Full call number Barcode Date last seen Copy number Price effective from Koha item type
    Dewey Decimal Classification     London London Journal article 07/10/2002   ABS65947 120011-1001 06/08/2019 1 06/08/2019 Journal article